[Event "Yerevan"]
[Site "Yerevan"]
[Date "1996.??.??"]
[Round "6"]
[White "Minasian, Artashes"]
[Black "Ehlvest, Jaan"]
[Result "0-1"]
[WhiteElo "2580"]
[BlackElo "2660"]
[PlyCount "80"]
[EventDate "1996.04.??"]
[Source "ChessBase"]

1. e4 c5 2. Nf3 e6 3. d4 cxd4 4. c3 dxc3 5. Nxc3 Nc6 6. Bc4 a6 7. O-O Nge7 8. Bg5 h6 9. Bh4 d6 10. Qe2 Qa5 11. a3 Ng6 12. b4 Qc7 13. Bg3 Be7 14. Rac1 O-O 15. Ba2 Qb8 16. Nd2 Bd7 17. f4 Bf6 18. Qh5 b5 19. e5 dxe5 20. Nce4 Bd8 21. fxe5 Ncxe5 22. Nc5 Bc6 23. Nxe6 Bb6+ 24. Nc5 Qd8 25. Ndb3 Nc4 26. Kh1 Ra7 27. Bb1 Re7 28. Rf2 Qe8 29. Rcf1 Ne3 30. Rg1 Ne5 31. Nd4 Ba8 32. Nf5 Nxf5 33. Qxf5 g6 34. Qh3 h5 35. Bxe5 Rxe5 36. Nd7 Re6 37. Nf6+ Rxf6 38. Rxf6 Bxg1 39. Kxg1 Qe5 40. Qh4 Qb2 0-1

[Event "Buenos Aires NAJDORF"]
[Site "?"]
[Date "1993.??.??"]
[Round "?"]
[White "Campora, Daniel H"]
[Black "Shirov, Alexei D"]
[Result "1/2-1/2"]
[WhiteElo "2550"]
[BlackElo "2670"]
[PlyCount "24"]
[EventDate "1993.??.??"]
[Source "www.chesslib.no"]
[SourceDate "2004.05.04"]

1. e4 c5 2. f4 d5 3. exd5 Nf6 4. Bb5+ Bd7 5. Bxd7+ Qxd7 6. c4 e6 7. Qe2 Bd6 8. dxe6 fxe6 9. d3 Nc6 10. Nf3 O-O 11. O-O e5 12. f5 Nd4 1/2-1/2

[Event "4th IECC"]
[Site "Istanbul"]
[Date "2003.06.02"]
[Round "4"]
[White "Minasian, Artashes"]
[Black "Sutovsky, Emil"]
[Result "1/2-1/2"]
[WhiteElo "2555"]
[BlackElo "2652"]
[PlyCount "105"]
[EventDate "2003.05.30"]
[Source "Roberto Alvarez"]
[SourceDate "2003.06.23"]

1. e4 c5 2. f4 e6 3. Nf3 d5 4. Bb5+ Nd7 5. e5 a6 6. Bxd7+ Bxd7 7. d4 Nh6 8. Be3 Nf5 9. Bf2 Qb6 10. b3 Rc8 11. c3 cxd4 12. Nxd4 Nxd4 13. Bxd4 Bc5 14. O-O O-O 15. a4 Bxd4+ 16. cxd4 Rc2 17. Na3 Rc3 18. Rb1 Rfc8 19. Qd2 Qb4 20. Nc2 Qb6 21. Na3 R3c6 22. Rb2 Qc7 23. h3 Qd8 24. Nc2 Qh4 25. Kh2 Rc3 26. Ne3 b5 27. Rf3 Qd8 28. Rg3 Kh8 29. Qe2 Qh4 30. Rg4 Qe7 31. Rg3 Qa3 32. Qd2 Qa1 33. Ra2 Qb1 34. Rb2 Qe4 35. axb5 Rd3 36. Qf2 axb5 37. Nc2 Rxg3 38. Kxg3 Qd3+ 39. Kh2 Qc3 40. Ne1 b4 41. Rc2 Qxb3 42. Rxc8+ Bxc8 43. Qh4 h6 44. Qd8+ Kh7 45. Qxc8 Qc4 46. Qb7 b3 47. Nf3 Qc2 48. Qxf7 b2 49. f5 b1=Q 50. Qg6+ Kh8 51. Qe8+ Kh7 52. Ng5+ hxg5 53. Qg6+ 1/2-1/2

[Event "Prague GMA"]
[Site "?"]
[Date "1990.??.??"]
[Round "?"]
[White "Short, Nigel D"]
[Black "Ftacnik, Lubomir"]
[Result "1/2-1/2"]
[WhiteElo "2635"]
[BlackElo "2560"]
[PlyCount "24"]
[EventDate "1990.??.??"]
[Source "www.chesslib.no"]
[SourceDate "2004.05.04"]

1. e4 c5 2. d3 Nc6 3. f4 g6 4. Nf3 Bg7 5. Be2 e6 6. O-O Nge7 7. c4 O-O 8. Nc3 d5 9. cxd5 exd5 10. Kh1 Nd4 11. Nxd4 cxd4 12. Nxd5 Nxd5 1/2-1/2

[Event "Ch (Men) Yerevan ARM"]
[Site "?"]
[Date "2006.03.20"]
[Round "5"]
[White "Minasian Artashes"]
[Black "Anastasian Ashot"]
[Result "1/2-1/2"]
[WhiteElo "2574"]
[BlackElo "2602"]
[PlyCount "107"]
[EventDate "2006.??.??"]
[Source "www.chesslib.no"]
[SourceDate "2004.05.04"]

1. e4 c5 2. f4 e6 3. Nf3 d5 4. Bb5+ Bd7 5. Bxd7+ Nxd7 6. d3 Bd6 7. O-O Ne7 8. c4 dxe4 9. dxe4 Bc7 10. Nc3 Nc6 11. Be3 O-O 12. Qe2 Qe7 13. Rad1 Rad8 14. Qf2 Ba5 15. Nb5 Bb6 16. h3 f6 17. Nc3 Ba5 18. Na4 b6 19. Bd2 Ndb8 20. Bxa5 Nxa5 21. b3 Nac6 22. Nc3 Rxd1 23. Rxd1 Rd8 24. Rxd8+ Qxd8 25. f5 Qd3 26. Qd2 Qxd2 27. Nxd2 Kf7 28. Kf2 Nd4 29. fxe6+ Kxe6 30. Ke3 Nbc6 31. Nf3 Nc2+ 32. Kd2 N2b4 33. a3 Na6 34. Nd5 Nab8 35. Ke3 Nd7 36. b4 Nde5 37. Nf4+ Kd6 38. bxc5+ bxc5 39. Nxe5 Kxe5 40. Nd3+ Kd6 41. Nf4 Nd8 42. Kd2 Nc6 43. Nd3 Nd4 44. Nf4 g5 45. Nd3 Nc6 46. Ke3 h5 47. g3 Ne5 48. Nb2 a6 49. Ke2 Nc6 50. Nd3 Nd4+ 51. Kd2 Nc6 52. Ke3 Ne5 53. Nxe5 Kxe5 54. h4 1/2-1/2

[Event "EU-ch 4th"]
[Site "?"]
[Date "2003.06.05"]
[Round "6"]
[White "Minasian Artashes"]
[Black "Ftacnik Lubomir"]
[Result "0-1"]
[WhiteElo "2555"]
[BlackElo "2611"]
[PlyCount "126"]
[EventDate "2003.??.??"]
[Source "www.chesslib.no"]
[SourceDate "2004.05.04"]

1. e4 c5 2. f4 g6 3. Nf3 Bg7 4. Bc4 Nc6 5. O-O e6 6. d3 d5 7. Bb5 Nge7 8. c4 dxe4 9. dxe4 Qxd1 10. Rxd1 Bd7 11. Nc3 a6 12. Ba4 O-O-O 13. Be3 b6 14. Ng5 Bxc3 15. bxc3 Be8 16. e5 Rxd1+ 17. Rxd1 Na5 18. Bxe8 Rxe8 19. Nxh7 Nxc4 20. Bc1 Rd8 21. Rxd8+ Kxd8 22. Nf6 Nd5 23. Ne4 Ke7 24. Kf2 f5 25. exf6+ Nxf6 26. Kf3 Nxe4 27. Kxe4 b5 28. g4 a5 29. Kd3 a4 30. h4 Kf6 31. a3 Kf7 32. Ke4 Ke7 33. f5 gxf5+ 34. gxf5 Nd6+ 35. Ke5 Nxf5 36. h5 Nd6 37. Bg5+ Kd7 38. Bc1 Ke7 39. Bg5+ Kd7 40. Be3 Nc4+ 41. Kf4 b4 42. cxb4 cxb4 43. h6 e5+ 44. Kf5 bxa3 45. h7 Nxe3+ 46. Ke4 a2 47. h8=Q a1=Q 48. Qg7+ Kc6 49. Qh6+ Kc5 50. Qf8+ Kc4 51. Qc8+ Kb3 52. Qb8+ Kc2 53. Kxe3 Qd4+ 54. Ke2 a3 55. Qc7+ Kb1 56. Ke1 Qb4+ 57. Kd1 Qb3+ 58. Kd2 e4 59. Qc1+ Ka2 60. Qc6 e3+ 61. Ke2 Kb1 62. Qh1+ Kb2 63. Qc6 Qc2+ 0-1

[Event "Prague"]
[Site "Prague"]
[Date "1990.??.??"]
[Round "1"]
[White "Short, Nigel D"]
[Black "Ftacnik, Lubomir"]
[Result "1/2-1/2"]
[WhiteElo "2610"]
[BlackElo "2550"]
[PlyCount "67"]
[EventDate "1990.08.??"]
[Source "ChessBase"]

1. e4 c5 2. d3 Nc6 3. f4 g6 4. Nf3 Bg7 5. Be2 e6 6. O-O Nge7 7. c4 O-O 8. Nc3 d5 9. cxd5 exd5 10. Kh1 Nd4 11. Nxd4 cxd4 12. Nxd5 Nxd5 13. exd5 Qxd5 14. Bf3 Qb5 15. a4 Qb4 16. b3 Re8 17. Bd2 Qd6 18. Rc1 Rb8 19. b4 Bf5 20. Qb3 Be6 21. Qb1 Bd5 22. Be4 Rbc8 23. b5 Bh6 24. Rxc8 Rxc8 25. Bxd5 Qxd5 26. Re1 Qd7 27. h3 Re8 28. Qd1 a6 29. Rxe8+ Qxe8 30. bxa6 bxa6 31. Kg1 Bf8 32. Kf1 Bd6 33. Qb3 Qb8 34. Qxb8+ 1/2-1/2

[Event "Podolsk"]
[Site "Podolsk"]
[Date "1993.??.??"]
[Round "?"]
[White "Sveshnikov, Evgeny"]
[Black "Dvoirys, Semen I"]
[Result "1-0"]
[WhiteElo "2570"]
[BlackElo "2590"]
[PlyCount "125"]
[EventDate "1993.10.??"]
[Source "ChessBase"]

1. e4 c5 2. f4 d5 3. exd5 Qxd5 4. Nc3 Qd8 5. Nf3 Nc6 6. Bb5 Bd7 7. O-O Nf6 8. Ne5 Rc8 9. Qe2 e6 10. Bxc6 Bxc6 11. f5 Qd4+ 12. Kh1 Bd6 13. Nxc6 bxc6 14. d3 O-O 15. fxe6 Rce8 16. Bg5 Rxe6 17. Bxf6 Rxf6 18. Rxf6 Qxf6 19. g3 Be5 20. Rf1 Qd6 21. Ne4 Qd5 22. b3 Bd4 23. Qf3 f5 24. c3 Be5 25. c4 Qd4 26. Ng5 Qd7 27. Qe3 h6 28. Nf3 Bc3 29. Qxc5 Qxd3 30. Kg2 Qe4 31. Qd6 a5 32. Rf2 g5 33. h3 Bg7 34. Kh2 Kh7 35. Qd7 Kh8 36. Qd6 Qe3 37. Qd2 Qc5 38. Re2 a4 39. Kg2 axb3 40. axb3 Rb8 41. Qd3 f4 42. g4 Qf8 43. h4 gxh4 44. Nxh4 Qf6 45. Ng6+ Kg8 46. Ne7+ Kh8 47. Kf3 Qa1 48. Kg2 Qf6 49. Qe4 f3+ 50. Qxf3 Qxf3+ 51. Kxf3 Rxb3+ 52. Kf4 Rc3 53. Re4 c5 54. Nf5 Bf6 55. Nxh6 Kh7 56. g5 Bd4 57. Re7+ Kg6 58. Re6+ Kh7 59. Nf5 Kg8 60. g6 Kf8 61. Rc6 Ke8 62. Ke4 Rxc4 63. Nd6+ 1-0

[Event "Bauang"]
[Site "Bauang"]
[Date "1973.??.??"]
[Round "4"]
[White "Larsen, Bent"]
[Black "Quinteros, Miguel A"]
[Result "1/2-1/2"]
[WhiteElo "2620"]
[BlackElo "2520"]
[PlyCount "117"]
[EventDate "1973.??.??"]
[Source "www.chesslib.no"]
[SourceDate "2004.05.04"]

1. e4 c5 2. f4 Nc6 3. Nf3 e6 4. Be2 d5 5. d3 Bd6 6. O-O f5 7. e5 Bc7 8. c3 d4 9. Na3 Nge7 10. Nc2 b5 11. Bd2 a5 12. Be1 O-O 13. cxd4 cxd4 14. Bf2 Bb6 15. Rc1 Qd7 16. h4 Bb7 17. Kh2 Nd5 18. Qd2 Ndb4 19. Nxb4 Nxb4 20. a3 Nc6 21. b3 Rfb8 22. Qb2 Ne7 23. Kg3 Qe8 24. Rh1 Nd5 25. Bxd4 Qg6+ 26. Ng5 h6 27. Bxb6 Nxb6 28. h5 Qe8 29. Nf3 Bxf3 30. Kxf3 Rc8 31. Kg3 g5 32. hxg6 Qxg6+ 33. Kf2 Kh7 34. Bh5 Qg7 35. Rxc8 Rxc8 36. Bf3 Qc7 37. g4 fxg4 38. Be4+ Kg7 39. Kg3 Qc5 40. Qe2 Rg8 41. Rh4 Nd5 42. Rxg4+ Kf7 43. Rxg8 Kxg8 44. Bxd5 Qxd5 45. b4 axb4 46. axb4 Qd4 47. Qe4 Qg1+ 48. Kh3 Kg7 49. Qe2 Kg6 50. Qf3 h5 51. Qe4+ Kh6 52. Qf3 Kg6 53. Qe4+ Kh6 54. Qe2 Kg6 55. Qf3 Kh6 56. f5 exf5 57. Qxf5 Qe3+ 58. Kh4 Qe1+ 59. Kh3 1/2-1/2

[Event "Clarin"]
[Site "Buenos Aires"]
[Date "1979.??.??"]
[Round "9"]
[White "Lombardy, William James"]
[Black "Larsen, Bent"]
[Result "1/2-1/2"]
[WhiteElo "2520"]
[BlackElo "2620"]
[PlyCount "142"]
[EventDate "1979.11.??"]
[Source "ChessBase"]

1. e4 c5 2. f4 e6 3. Nf3 d5 4. Nc3 d4 5. Ne2 Be7 6. Ng3 a6 7. Ne5 Nd7 8. Nxd7 Bxd7 9. d3 Qc7 10. Be2 f5 11. O-O Bh4 12. Bf3 O-O-O 13. Nh1 Nh6 14. Bd2 Bc6 15. Nf2 Nf7 16. exf5 exf5 17. Bxc6 Qxc6 18. Qh5 Bxf2+ 19. Rxf2 g6 20. Qf3 Qxf3 21. Rxf3 Rde8 22. Kf1 Nd8 23. Rf2 Nc6 24. Re2 Rxe2 25. Kxe2 Kd7 26. h3 b6 27. Kf3 Re8 28. Re1 Rxe1 29. Bxe1 b5 30. c4 dxc3 31. Bxc3 Ke6 32. Ke3 a5 33. b3 a4 34. bxa4 bxa4 35. a3 Kd5 36. Bf6 Na7 37. Bg7 Nb5 38. Bb2 h5 39. h4 c4 40. Kd2 c3+ 41. Bxc3 Nxa3 42. Be5 Nb5 43. Kc2 Nd4+ 44. Kb2 Nc6 45. Bg7 Nb4 46. Kc3 Na6 47. Kc2 Nc5 48. Bb2 Ne6 49. Be5 a3 50. Kb3 Nc5+ 51. Kc3 a2 52. Kc2 Kc6 53. Bb2 Ne6 54. g3 Nc5 55. Ba1 Kd5 56. Kc3 Na6 57. Kb3 Kc5 58. Bc3 Kd5 59. Ba1 Nc5+ 60. Kc3 Ke6 61. Kc4 Nd7 62. Kb3 Nc5+ 63. Kc4 Na6 64. Be5 Nc7 65. Kb3 Nd5 66. Ba1 Kd6 67. Kxa2 Nb4+ 68. Kb3 Nxd3 69. Kc4 Nf2 70. Bc3 Ne4 71. Be1 Kc6 1/2-1/2

[Event "Match active Aars DEN"]
[Site "?"]
[Date "1995.??.??"]
[Round "?"]
[White "Larsen, Bent"]
[Black "Hansen, Curt"]
[Result "0-1"]
[WhiteElo "2505"]
[BlackElo "2630"]
[PlyCount "44"]
[EventDate "1995.??.??"]
[Source "www.chesslib.no"]
[SourceDate "2004.05.04"]

1. e4 c5 2. f4 e6 3. Nf3 d5 4. Bb5+ Bd7 5. Bxd7+ Qxd7 6. Ne5 Qc7 7. exd5 exd5 8. Qe2 Be7 9. Nc3 Nf6 10. g4 d4 11. Nb5 Qd8 12. Qf3 Qc8 13. g5 Nfd7 14. c4 Kf8 15. Qh5 Nc6 16. Ng4 a6 17. Nd6 Qc7 18. Kf2 b6 19. d3 Na5 20. Nb5 Nc6 21. Nc3 Bxg5 22. Rf1 Qa7 0-1

[Event "San Bernardino Open"]
[Site "San Bernardino"]
[Date "1989.??.??"]
[Round "8"]
[White "Hodgson, Julian M"]
[Black "Georgiev, Kiril D"]
[Result "1/2-1/2"]
[WhiteElo "2545"]
[BlackElo "2590"]
[PlyCount "74"]
[EventDate "1989.09.??"]
[Source "www.chesslib.no"]
[SourceDate "2004.05.04"]

1. e4 c5 2. f4 e6 3. Nf3 d5 4. Bb5+ Bd7 5. Bxd7+ Nxd7 6. d3 Bd6 7. c4 Ne7 8. O-O O-O 9. cxd5 exd5 10. e5 Bc7 11. Nc3 Nb8 12. d4 cxd4 13. Nxd4 Nbc6 14. Be3 Bb6 15. Kh1 Qd7 16. Qd3 Rfd8 17. Nxc6 bxc6 18. Bxb6 axb6 19. f5 b5 20. Rae1 Qc7 21. a3 d4 22. Ne4 Qxe5 23. Qh3 h6 24. Ng3 Qf6 25. Ne4 Qe5 26. Ng3 Qf6 27. Nh5 Qg5 28. Nxg7 d3 29. f6 d2 30. fxe7 dxe1=Q 31. exd8=Q+ Rxd8 32. Rxe1 Qxg7 33. b4 Qg6 34. Qc3 Kh7 35. Rf1 Rd3 36. Qc2 Kg8 37. Qc1 Kh7 1/2-1/2

[Event "Tirnavia"]
[Site "Trnava"]
[Date "1988.??.??"]
[Round "?"]
[White "Balashov, Yuri S"]
[Black "Boensch, Uwe"]
[Result "1/2-1/2"]
[WhiteElo "2555"]
[BlackElo "2575"]
[PlyCount "50"]
[EventDate "1988.03.??"]
[Source "ChessBase"]

1. e4 c5 2. d3 Nc6 3. f4 d5 4. Be2 dxe4 5. dxe4 Qxd1+ 6. Bxd1 e6 7. Be3 b6 8. Nf3 Bb7 9. Nbd2 Nf6 10. c3 Be7 11. h3 h6 12. O-O O-O-O 13. Ba4 Na5 14. Bc2 Rhf8 15. Rfe1 Ne8 16. e5 Nc7 17. Bf2 Ba6 18. Rad1 Nc4 19. Nxc4 Bxc4 20. b3 Rxd1 21. Bxd1 Bd3 22. c4 Rd8 23. Be2 Na6 24. Bxd3 Rxd3 25. Re3 Rd1+ 1/2-1/2

[Event "GER CupT"]
[Site "Germany"]
[Date "1994.??.??"]
[Round "1"]
[White "Wahls, Matthias"]
[Black "Lutz, Christopher"]
[Result "0-1"]
[WhiteElo "2520"]
[BlackElo "2595"]
[PlyCount "52"]
[EventDate "1994.??.??"]
[Source "ChessBase"]

1. e4 c5 2. f4 d5 3. Nc3 dxe4 4. Nxe4 e6 5. Nf3 Nf6 6. Nxf6+ Qxf6 7. Ne5 Qxf4 8. Bb5+ Bd7 9. Qe2 Bxb5 10. Qxb5+ Nc6 11. Qxb7 Qxe5+ 12. Kd1 Qh5+ 13. Ke1 Qe5+ 14. Kd1 Qh5+ 15. Ke1 Qh4+ 16. Kf1 Qf4+ 17. Kg1 Qd4+ 18. Kf1 Qf4+ 19. Kg1 Qd4+ 20. Kf1 Qd7 21. Qxa8+ Ke7 22. b4 cxb4 23. Ba3 g6 24. Bxb4+ Nxb4 25. Qe4 Qxd2 26. Rb1 Kf6 0-1

[Event "Magistral de VRSA 3rd"]
[Site "Santo Antonio"]
[Date "2000.05.27"]
[Round "8"]
[White "Campora, Daniel Hugo"]
[Black "Yakovich, Yuri"]
[Result "1/2-1/2"]
[WhiteElo "2534"]
[BlackElo "2580"]
[PlyCount "55"]
[EventDate "2000.05.20"]
[Source "ChessBase"]
[SourceDate "2000.07.11"]

1. e4 c5 2. f4 d5 3. exd5 Qxd5 4. Nc3 Qd8 5. Nf3 Nc6 6. Bb5 Bd7 7. O-O e6 8. d3 Nh6 9. Ne4 Be7 10. c3 O-O 11. Kh1 Nf5 12. Ba4 Qc7 13. Bc2 Rad8 14. Qe2 b6 15. a3 Bc8 16. Bd2 Ba6 17. Rad1 Rd7 18. Bc1 Bd6 19. g4 Nfe7 20. f5 exf5 21. gxf5 Nxf5 22. Nfg5 Nce7 23. Nxh7 Kxh7 24. Rxf5 Nxf5 25. Qh5+ Kg8 26. Nf6+ gxf6 27. Rg1+ Ng3+ 28. Rxg3+ 1/2-1/2

[Event "Capablanca mem Elite"]
[Site "Havana"]
[Date "1999.05.13"]
[Round "6"]
[White "Arencibia, Walter"]
[Black "Atalik, Suat"]
[Result "1/2-1/2"]
[WhiteElo "2520"]
[BlackElo "2593"]
[PlyCount "32"]
[EventDate "1999.05.??"]
[Source "ChessBase"]
[SourceDate "1999.08.01"]

1. e4 c5 2. f4 Nc6 3. Nf3 g6 4. Bb5 Bg7 5. O-O Nd4 6. Nxd4 cxd4 7. d3 Nf6 8. Nd2 O-O 9. Nf3 d5 10. exd5 Nxd5 11. Bc4 Qd6 12. Ng5 h6 13. Ne4 Qc6 14. Qf3 Nb6 15. Bb3 a5 16. a4 Be6 1/2-1/2

[Event "Kemerovo"]
[Site "?"]
[Date "1995.??.??"]
[Round "?"]
[White "Sveshnikov, E."]
[Black "Aseev, K."]
[Result "1/2-1/2"]
[WhiteElo "2580"]
[BlackElo "2530"]
[PlyCount "73"]
[EventDate "1995.??.??"]
[Source "ChessBase"]
[SourceDate "1995.10.01"]

1. e4 c5 2. f4 d5 3. exd5 Nf6 4. Bb5+ Bd7 5. Bxd7+ Qxd7 6. c4 e6 7. Qe2 Bd6 8. d3 O-O 9. dxe6 Qxe6 10. Qxe6 fxe6 11. Nf3 Nfd7 12. O-O Bxf4 13. Bxf4 Rxf4 14. Re1 Rf6 15. d4 Nc6 16. dxc5 Nxc5 17. Nc3 Nd3 18. Re2 Raf8 19. Rd1 Nf4 20. Re3 Nh3+ 21. gxh3 Rxf3 22. Rxe6 Rxh3 23. Nd5 Rh4 24. Ne3 Nd4 25. Re7 Nf3+ 26. Kg2 Rxh2+ 27. Kg3 Rh6 28. Rd5 Rg6+ 29. Kf2 Nd4+ 30. Ke1 Re6 31. Rdd7 Rxe3+ 32. Rxe3 Nc2+ 33. Ke2 Nxe3 34. Kxe3 Rf7 35. Rd8+ Rf8 36. Rd7 Rf7 37. Rd8+ 1/2-1/2

[Event "Zagreb"]
[Site "Zagreb"]
[Date "1985.??.??"]
[Round "?"]
[White "Sax, Gyula"]
[Black "Popovic, Petar"]
[Result "1/2-1/2"]
[WhiteElo "2565"]
[BlackElo "2540"]
[PlyCount "46"]
[EventDate "1985.04.??"]
[Source "ChessBase"]

1. e4 c5 2. f4 d5 3. exd5 Qxd5 4. Nc3 Qd8 5. Nf3 e6 6. d4 Nf6 7. Be3 cxd4 8. Qxd4 Qxd4 9. Nxd4 a6 10. Be2 Bb4 11. Bf3 O-O 12. O-O-O Bxc3 13. bxc3 Nd5 14. Rd3 Nxe3 15. Rxe3 Nd7 16. Rd1 Ra7 17. c4 g6 18. Ra3 Nc5 19. Nb3 b6 20. Rd6 Nd7 21. Bc6 Nb8 22. Bf3 Nd7 23. Bc6 Nb8 1/2-1/2

[Event "Politiken zt"]
[Site "Munkebo"]
[Date "1998.09.10"]
[Round "1.1"]
[White "Djurhuus, Rune"]
[Black "Hansen, Curt"]
[Result "1-0"]
[WhiteElo "2495"]
[BlackElo "2610"]
[PlyCount "95"]
[EventDate "1998.09.10"]
[Source "ChessBase"]
[SourceDate "1998.11.30"]

1. e4 c5 2. f4 e6 3. Nf3 d5 4. Bb5+ Bd7 5. Bxd7+ Nxd7 6. d3 Bd6 7. O-O Ne7 8. c4 O-O 9. Nc3 d4 10. Ne2 Bc7 11. g4 f5 12. e5 Qe8 13. g5 a6 14. b4 cxb4 15. Nexd4 Bb6 16. Be3 Nc6 17. Qd2 Nxd4 18. Nxd4 Bc5 19. Nc2 a5 20. d4 Ba7 21. d5 Nb6 22. Qf2 Nxc4 23. Bxa7 exd5 24. Bc5 Rf7 25. Ne3 Qc6 26. Bd4 b5 27. Rad1 Rc8 28. Rfe1 Qe6 29. Ba1 Nxe3 30. Rxe3 Rc4 31. Red3 Rd7 32. Bb2 a4 33. Bd4 Rdc7 34. R3d2 Kf7 35. Bb6 Rd7 36. Bc5 Rc7 37. Rxd5 Rc1 38. Qd4 Rc4 39. Qf2 Rc1 40. Qd4 Rc4 41. Qe3 Rc3 42. R1d3 b3 43. axb3 axb3 44. Rd7+ Rxd7 45. Rxd7+ Qxd7 46. Qxc3 Qd1+ 47. Kf2 Ke6 48. Qd4 1-0

[Event "Bundesliga 2007-8"]
[Site "Eppingen GER"]
[Date "2007.12.09"]
[Round "6"]
[White "Glek, I."]
[Black "Balogh, C."]
[Result "0-1"]
[WhiteElo "2543"]
[BlackElo "2562"]
[PlyCount "178"]
[EventDate "2007.10.19"]
[Source "www.chesslib.no"]
[SourceDate "2004.05.04"]

1. e4 c5 2. d3 Nc6 3. f4 g6 4. Nf3 Bg7 5. Be2 d6 6. O-O e5 7. c3 Nge7 8. fxe5 dxe5 9. Be3 b6 10. a3 a5 11. a4 O-O 12. Na3 h6 13. Nb5 Kh7 14. Qe1 f5 15. Rd1 Be6 16. Qh4 Bb3 17. d4 cxd4 18. cxd4 fxe4 19. dxe5 Bxd1 20. Ng5+ Kh8 21. Rxd1 Nf5 22. Nf7+ Rxf7 23. Rxd8+ Rxd8 24. Qxe4 Nxe3 25. Qxe3 Nxe5 26. g3 Kh7 27. Kg2 Rfd7 28. h4 Rd2 29. Kh3 Rxb2 30. h5 g5 31. Nc3 Kh8 32. Qe4 g4+ 33. Kg2 Nf7 34. Nd5 Rxd5 35. Qxd5 Rxe2+ 36. Kf1 Re3 37. Qa8+ Kh7 38. Qc6 Ne5 39. Qc2+ Nd3 40. Qc6 Re1+ 41. Kg2 Re2+ 42. Kf1 Rf2+ 43. Kg1 Rf3 44. Qe4+ Kh8 45. Qxg4 Ne5 46. Qc8+ Rf8 47. Qc7 Rf6 48. Kg2 Nf7 49. Qc8+ Kh7 50. Qc2+ Kg8 51. Qc8+ Bf8 52. Qg4+ Ng5 53. Qc4+ Kg7 54. Qc7+ Nf7 55. Kh3 Bc5 56. Kg4 Rf2 57. Kh3 Rf5 58. g4 Rf3+ 59. Kg2 Rf2+ 60. Kh1 Kf6 61. g5+ Kxg5 62. Qg3+ Kxh5 63. Qh3+ Kg6 64. Qd3+ Kf6 65. Qc3+ Ne5 66. Qh3 Kg5 67. Qb3 h5 68. Qg8+ Ng6 69. Qd8+ Kh6 70. Qd1 h4 71. Qd2+ Nf4 72. Qd1 Ng6 73. Qd2+ Rf4 74. Kg2 Be7 75. Qe3 Bg5 76. Qxb6 Rxa4 77. Kh3 Ra3+ 78. Kg4 Rg3+ 79. Kf5 Rf3+ 80. Kg4 Rf4+ 81. Kh3 a4 82. Qa6 Re4 83. Kg2 Be7 84. Qc6 Rf4 85. Qa6 a3 86. Kh3 Rf3+ 87. Kg2 Rb3 88. Qa8 h3+ 89. Kh1 Rb2 0-1

[Event "TCh-BEL 2007-8"]
[Site "Belgium BEL"]
[Date "2008.01.20"]
[Round "7"]
[White "Glek, I."]
[Black "Steingrimsson, H."]
[Result "1-0"]
[WhiteElo "2546"]
[BlackElo "2554"]
[PlyCount "43"]
[EventDate "2008.01.06"]
[Source "www.chesslib.no"]
[SourceDate "2004.05.04"]

1. e4 c5 2. f4 g6 3. Nf3 Bg7 4. c3 d6 5. Bb5+ Bd7 6. Bxd7+ Nxd7 7. O-O Ngf6 8. d3 O-O 9. Qe1 e6 10. Na3 Qe7 11. Qh4 Rae8 12. Bd2 a6 13. Rae1 b5 14. Nc2 Qd8 15. Qh3 c4 16. d4 d5 17. e5 Ne4 18. Ng5 h5 19. g4 Nxd2 20. gxh5 Bh6 21. hxg6 Kg7 22. Nxf7 1-0

[Event "GEO-ch 62th"]
[Site "?"]
[Date "2002.05.27"]
[Round "7"]
[White "Gelashvili Tamaz"]
[Black "Izoria Zviad"]
[Result "1/2-1/2"]
[WhiteElo "2552"]
[BlackElo "2547"]
[PlyCount "78"]
[EventDate "2002.??.??"]
[Source "www.chesslib.no"]
[SourceDate "2004.05.04"]

1. e4 c5 2. d3 Nc6 3. f4 g6 4. Nf3 Bg7 5. Be2 Nf6 6. c3 d6 7. O-O O-O 8. h3 c4 9. Be3 cxd3 10. Bxd3 b6 11. Nbd2 Bb7 12. Qe1 Nd7 13. Nb3 e6 14. Rd1 Qe7 15. Bf2 Rad8 16. Bh4 Bf6 17. Bxf6 Nxf6 18. e5 Nd5 19. Nfd4 dxe5 20. Nxc6 Bxc6 21. Qxe5 Ba4 22. Kh1 Qc7 23. Qxc7 Nxc7 24. Be4 Bxb3 25. axb3 a5 26. Kg1 f5 27. Bb7 Kf7 28. Kf2 Kf6 29. Rfe1 g5 30. g3 Rg8 31. Kf3 gxf4 32. gxf4 Ke7 33. Rxd8 Rxd8 34. Ke3 Rg8 35. Kf2 Rb8 36. Bf3 Rd8 37. Ke3 Na6 38. Bd1 Nc5 39. Bc2 Kf6 1/2-1/2

[Event "Dubai op"]
[Site "Dubai"]
[Date "2001.04.23"]
[Round "8"]
[White "Sveshnikov, Evgeny"]
[Black "Volzhin, Alexander"]
[Result "1/2-1/2"]
[WhiteElo "2571"]
[BlackElo "2528"]
[PlyCount "21"]
[EventDate "2001.04.15"]
[Source "ChessBase"]
[SourceDate "2001.07.05"]

1. e4 c5 2. f4 g6 3. Nf3 Bg7 4. c3 d6 5. d4 Nf6 6. e5 dxe5 7. fxe5 Nd5 8. Bb5+ Nc6 9. O-O cxd4 10. cxd4 O-O 11. Nc3 1/2-1/2

[Event "Sochi RUS"]
[Site "?"]
[Date "2006.04.29"]
[Round "10"]
[White "Sveshnikov Evgeny"]
[Black "Yakovich Yuri"]
[Result "1/2-1/2"]
[WhiteElo "2524"]
[BlackElo "2570"]
[PlyCount "41"]
[EventDate "2006.??.??"]
[Source "www.chesslib.no"]
[SourceDate "2004.05.04"]

1. e4 c5 2. f4 d5 3. exd5 Nf6 4. Bb5+ Nbd7 5. c4 a6 6. Bxd7+ Bxd7 7. Nf3 e6 8. dxe6 Bxe6 9. Qa4+ Bd7 10. Qb3 Bd6 11. Qe3+ Be7 12. O-O O-O 13. Nc3 Re8 14. Ne5 Bd6 15. h3 Qc7 16. d3 Bc6 17. Qg3 Bxe5 18. fxe5 Qxe5 19. Qxe5 Rxe5 20. Bf4 Re6 21. Rae1 1/2-1/2

[Event "Playchess"]
[Site "?"]
[Date "2005.06.16"]
[Round "?"]
[White "Short Nigel D"]
[Black "Sommerbauer Norbert"]
[Result "1-0"]
[WhiteElo "2673"]
[BlackElo "2419"]
[PlyCount "45"]
[EventDate "2005.??.??"]
[Source "www.chesslib.no"]
[SourceDate "2004.05.04"]

1. e4 c5 2. f4 d5 3. exd5 Nf6 4. Bb5+ Nbd7 5. c4 a6 6. Bxd7+ Bxd7 7. Nf3 e6 8. Nc3 exd5 9. cxd5 Bd6 10. d4 O-O 11. O-O Rc8 12. Kh1 Bg4 13. Be3 Re8 14. dxc5 Rxe3 15. cxd6 Qxd6 16. h3 Qxf4 17. hxg4 Nxg4 18. Qd4 Qh6+ 19. Kg1 Rxf3 20. Rxf3 Qh2+ 21. Kf1 Qh1+ 22. Qg1 Nh2+ 23. Ke2 1-0

[Event "Ponferrada Open"]
[Site "Ponferrada"]
[Date "1992.??.??"]
[Round "?"]
[White "Campora, Daniel H"]
[Black "Ubilava, Elizbar E"]
[Result "0-1"]
[WhiteElo "2550"]
[BlackElo "2540"]
[PlyCount "132"]
[EventDate "1992.08.??"]
[Source "www.chesslib.no"]
[SourceDate "2004.05.04"]

1. e4 c5 2. f4 e6 3. Nf3 d5 4. d3 dxe4 5. dxe4 Qxd1+ 6. Kxd1 Nf6 7. e5 Nd5 8. c4 Nc7 9. Nc3 Bd7 10. Bd3 Nc6 11. Be3 O-O-O 12. Ke2 Be7 13. Ne4 b6 14. Rad1 f6 15. Bb1 Be8 16. Rxd8+ Nxd8 17. exf6 gxf6 18. g4 Nc6 19. Rd1 Bg6 20. h4 f5 21. gxf5 Bxf5 22. Neg5 Bxb1 23. Rxb1 h5 24. Rd1 Rd8 25. Rxd8+ Kxd8 26. Nf7+ Ke8 27. N7e5 Nxe5 28. fxe5 Na6 29. Bg5 Bf8 30. Ke3 Nb4 31. a3 Nc6 32. Ke4 Bg7 33. Bf4 Bf8 34. Bd2 Be7 35. Be1 Bf8 36. Bd2 Be7 37. Be3 Kf7 38. Bf2 Bd8 39. Be3 Be7 40. Bd2 Kg6 41. Bg5 Bf8 42. Ne1 Na5 43. Nd3 Nxc4 44. Nf4+ Kf7 45. Nxh5 Nxb2 46. Nf4 c4 47. h5 c3 48. Ne2 Na4 49. Be3 Bxa3 50. Kd3 Bc5 51. Bc1 Bf8 52. Be3 a5 53. Kc4 Nb2+ 54. Kb5 Nd1 55. Bc1 Bc5 56. h6 c2 57. Nf4 Be3 58. Nxe6 Bxh6 59. Bxh6 Kxe6 60. Kxb6 a4 61. Bc1 Nc3 62. Kc5 Kxe5 63. Kc4 Na2 64. Bb2+ Ke4 65. Kb5 Nc3+ 66. Kc4 Nb1 0-1

[Event "BL"]
[Site "BL"]
[Date "1995.??.??"]
[Round "?"]
[White "Lau, Ralf"]
[Black "Ribli, Zoltan"]
[Result "1/2-1/2"]
[WhiteElo "2490"]
[BlackElo "2600"]
[PlyCount "47"]
[EventDate "1995.??.??"]
[Source "www.chesslib.no"]
[SourceDate "2004.05.04"]

1. e4 c5 2. f4 g6 3. Nf3 Bg7 4. g3 Nc6 5. Bg2 d6 6. O-O Nf6 7. Qe2 O-O 8. c3 Bd7 9. Na3 Rc8 10. Kh1 a6 11. d3 Qc7 12. Be3 b5 13. Bg1 e5 14. fxe5 Nxe5 15. Nc2 Nxf3 16. Qxf3 Rfe8 17. Ne3 Bc6 18. Rad1 Re5 19. c4 bxc4 20. Nxc4 Rf5 21. Qe2 Ba4 22. d4 Nd5 23. exf5 Qe7 24. Qh5 1/2-1/2